00274nam a2200121Ia 45000030006000000080041000060400015000471000010000622450031000722600020001035460012001230050017001350STCL150530s9999 xx 000 0 und d aSTCLcSTCL aHardy aHuman Shows far phantasies bMacmillanc1927 aEnglish20220125170934.0